| 000 | 00828nam a22002417a 4500 | ||
|---|---|---|---|
| 001 | 6703 | ||
| 003 | FISKH | ||
| 005 | 20250521120940.0 | ||
| 008 | 250521b cb ||||| |||| 00| 0 eng d | ||
| 020 | _a9780064460491 | ||
| 040 |
_aFISKH _beng _cFISKH _dFISKH912 LCC GA105 .K58 |
||
| 050 | _aGA105 .K58 | ||
| 082 | _a912 | ||
| 100 | _aKnowlton, Jack | ||
| 245 |
_aMaps & globes / _cby Jack Knowlton ; Pictures by Harriet Barton |
||
| 260 |
_aNew York : _bHarper Collins, _c1985 |
||
| 300 |
_a42 pages : _bcolor illustions ; _c24 cm |
||
| 520 | _aA brief history of mapmaking, a simple explanation of how to read maps and globes, and an introduction to the many different kinds of maps there are. | ||
| 650 |
_aGeography _vAtlas _xGlobes |
||
| 700 |
_aBarton, Harriet _eillustrator |
||
| 942 |
_2ddc _cBK _n0 |
||
| 999 |
_c6703 _d6703 |
||